| 000 | 00762cam a2200217 a 4500 | ||
|---|---|---|---|
| 001 | 84898 | ||
| 003 | BD-RjUL | ||
| 005 | 20250506135816.0 | ||
| 008 | 250506s1960 ir a b 000 0 per d | ||
| 035 | _a(BD-RjUL) 84898 | ||
| 040 |
_aCGU _cCGU _dOCLCQ _dDLC _beng |
||
| 041 | _aurd | ||
| 082 |
_223 _a370 _bKAR 1960 |
||
| 100 | 1 |
_aKaro Paskāyā : (کرو پسکایا) _915415 |
|
| 245 | 1 | 0 |
_aتعلیم و تربیت کے مسائل ;; Taʻlīm va tarbiyat ke masāʼil / _cKaro Paskāyā : (کرو پسکایا) |
| 260 |
_aMossco : _bبدیسی زبانوں کا اشاعت گھر ,Badesī zabānoṉ kā ʻIshāʻat Ghar , _c1960 |
||
| 300 |
_a301 p. : _bill. ; _c22 cm. |
||
| 650 | 0 |
_aSocial Science _911145 |
|
| 650 | 0 | _aEducation | |
| 942 |
_2ddc _cBK |
||
| 999 |
_c84898 _d84898 |
||